=LDR 00000nam 2200000 4500 =001 INLIS000000000004990 =005 20251003093229 =035 ##$$a 0010-1025000045 =007 ta =008 251003###########################0#ind## =082 ##$$a 363.96 =084 ##$$a 363.96 BAD p =245 1#$$a penelitian Pengetahuan-Sikap-Praktek Keluarga Berentjana Djakarta-1968 : $b Laporan Metodologi /$c Badan Koordinasi Keluarga Berencana Nasional =260 ##$$a Jakarta :$b BKKBN,$c 1968 =300 ##$$a 190 hal : $b ilus ; $c 23 cm =110 #$$a Badan Koordinasi Keluarga Berencana Nasional =856 ##$$a Perpustakaan Kemendukbangga